| 000 | 00787cam a22002773a 4500 | ||
|---|---|---|---|
| 001 | 1519 | ||
| 003 | PGUSA | ||
| 005 | 20140828083002.0 | ||
| 008 | 981101s1998||||xxu|||||s|||||000 | eng d | ||
| 040 |
_aPGUSA _beng |
||
| 042 | _adc | ||
| 050 | 4 | _aPR | |
| 100 | 1 |
_aShakespeare, William, _d1564-1616 |
|
| 245 | 1 | 0 |
_aMuch Ado about Nothing _h[electronic resource] / _cWilliam Shakespeare |
| 260 |
_bProject Gutenberg, _c1998 |
||
| 506 | _aPublic domain in the USA. | ||
| 516 | _aElectronic text | ||
| 653 | _aCourtship -- Drama | ||
| 653 | _aRejection (Psychology) -- Drama | ||
| 653 | _aConspiracies -- Drama | ||
| 653 | _aMessina (Italy) -- Drama | ||
| 653 | _aComedies | ||
| 830 | 0 |
_aProject Gutenberg _v1519 |
|
| 856 | 4 | 0 | _uhttp://www.gutenberg.org/ebooks/1519 |
| 942 | _cEB | ||
| 999 |
_c230867 _d230867 |
||